Loading...
| Arts - Music | 3 | 13.33 | 100% | 0% | 33% |
| Arts - Other Arts | 2 | 15.00 | 100% | 50% | 0% |
| Arts - Painting | 5 | 16.00 | 100% | 60% | 0% |
| History - American History | 6 | 16.67 | 100% | 67% | 0% |
| History - European | 3 | 20.00 | 100% | 100% | 0% |
| History - Other History | 4 | 20.00 | 100% | 100% | 0% |
| History - World History | 2 | 20.00 | 100% | 50% | 50% |
| Literature - American Lit | 1 | 10.00 | 100% | 0% | 0% |
| Literature - British Lit | 1 | 10.00 | 100% | 0% | 0% |
| Literature - European Lit | 2 | 20.00 | 100% | 50% | 50% |
| Literature - World | 1 | 20.00 | 100% | 100% | 0% |
| Literature - World Lit | 6 | 18.33 | 83% | 50% | 50% |
| Mythology | 4 | 17.50 | 75% | 100% | 0% |
| Other - Geo/CE | 4 | 12.50 | 100% | 25% | 0% |
| Other Academic | 1 | 10.00 | 100% | 0% | 0% |
| Pop Culture | 2 | 5.00 | 50% | 0% | 0% |
| Religion | 2 | 25.00 | 100% | 100% | 50% |
| Science - Biology | 3 | 13.33 | 100% | 0% | 33% |
| Science - Chemistry | 3 | 16.67 | 100% | 67% | 0% |
| Science - Other Science | 4 | 12.50 | 100% | 25% | 0% |
| Science - Physics | 3 | 16.67 | 100% | 67% | 0% |
| Thought - Philosophy | 5 | 16.00 | 100% | 60% | 0% |
| Thought - Social Science | 4 | 10.00 | 50% | 25% | 25% |